Banderas provinciales argentinas - Estadísticas

Estadísticas generales
  • Esta prueba ha sido intentada 15 veces
  • La puntuación promedio es 13 de 24
Estadísticas de respuestas
Imagen Respuesta % Correcto
Tierra del Fuego
80%
Buenos Aires
70%
Ciudad Autónoma de Buenos Aires
70%
Entre Rios
70%
Misiones
70%
Salta
70%
San Luis
70%
Santa Fe
70%
Córdoba
60%
Rio Negro
60%
Catamarca
50%
Chaco
50%
Corrientes
50%
Jujuy
50%
La Rioja
50%
Mendoza
50%
Neuquén
50%
Santiago del Estero
50%
Chubút
40%
Formosa
40%
La Pampa
40%
Santa Cruz
40%
Tucumán
40%
San Juan
20%
No se encontraron pruebas coincidentes
Distribución de puntuación
Porcentaje de gente con cada puntuación
Porcentaje por número respondido
Historial de tus puntuaciones
No has intentado esta prueba.